000 nam a22 i 4500
999 _c24188
_d24188
003 WA 310
005 20211115141952.0
008 180618s2004 pl a f u |000 0 pol d
020 _a8324334629
040 _aWA 310/bw
_bpol
_erda
_cWA 310/bw
041 1 _apol
_heng
245 0 0 _aSieci kablowe służące do rozprowadzania sygnałów: telewizyjnych, radiofonicznych i usług interaktywnych - Część 3: Aktywne urządzenia szerokopasmowe dla współosiowych sieci kablowych =
_bCable networks for television signals, sound signals and interactive services - Part 3: Active wideband equipment for coaxial cable networks PN-EN 50083-3:2004P /
_cPolski Komitet Normalizacyjny.
246 1 3 _aPN-EN 50083-3
246 1 3 _aICS 33.060.40
246 3 1 _aCable networks for television signals, sound signals and interactive services - Part 3: Active wideband equipment for coaxial cable networks
260 _aWarszawa :
_bPolski Komitet Normalizacyjny,
_ccopyright 2004.
300 _a4, 55 stron :
_bilustracje ;
_c30 cm.
336 _aTekst
_btxt
_2rdacontent
337 _aBez urządzenia pośredniczącego
_bn
_2rdamedia
338 _aWolumin
_bnc
_2rdacarrier
500 _aWprowadza EN 50083-3:2002, IDT ; Zastępuje PN-EN 50083-3:2002 (U) ; Zatwierdzona 24 marca 2004 r.
500 _aNorma Europejska EN 50083-3:2002 ma status Polskiej Normy.
500 _aNorma wycofana i zastąpiona przez PN-EN 60728-3:2011 - wersja angielska.
710 1 _aPolska.
_bPolski Komitet Normalizacyjny.
_eInstytucja sprawcza
_eWydawca
_4pbl
_91107
920 _a83-243-3462-9
942 _2ddc
_cBK